000 00669nam a2200217Ii 4500
003 JO-AjNU
008 230606s9999||||xx |||||||||||||| ||und||
020 _a978-0-8400-6827-9
040 _aJO-AjNU
_beng
_erda
_cJO-AjNU
041 _aeng
050 1 4 _aQA273.D46 2012
100 3 _aDevore, Jay,
_eauthor
_94017
245 0 0 _aprobabiliity and Statistics for Engineering and the Sciences
250 _a8 ed
264 3 1 _aAustralia :Brooks cole,2012
300 _a690p
336 _atext
_btxt
_2rdacontent
337 _aunmediated
_bn
_2rdamedia
338 _avolume
_bnc
_2rdacarrier
650 4 _aprobabiliity and Statistics for Engineering and the Sciences
_94018
999 _aE2092
_c2091
_d2091